000 01079nmc a2200325 a 4500
003 AR-BaBNM
005 20251128210038.0
008 011101s1998 ||||||||||||||000 | spa||
020 _a950-808-180-5
040 _cAR-BaBNM
100 1 _aFamiglietti Secchi, María
245 1 0 _aDidáctica y metodología de la educación tecnológica
_baprender haciendo : 3er ciclo de la EGB y polimodal
246 1 _aDidáctica y metodología de la educación tecnológica 1
260 _aRosario
_bHomo Sapiens Ediciones
_c1998
300 0 _a116 p.
490 0 _aEducación
504 _aContiene referencias bibliográficas
650 4 _aPROGRAMAS DE INICIACION TECNOLOGICA
650 4 _aMETODOS DE ENSENANZA
650 4 _aACTIVIDADES DE APRENDIZAJE
650 4 _aAPRENDIZAJE MEDIANTE LA PRACTICA
650 4 _aPROGRAMACION PEDAGOGICA
650 4 _aTECNICAS DE EVALUACION
653 _aENSENANZA DE LA TECNOLOGIA
653 _aTERCER CICLO DE LA EGB
653 _aEDUCACION POLIMODAL
700 1 _aLioi, José Antonio
_etraductor
942 _cBK
998 _cRaquel
999 _c13814
_d13814